01202nam a2200313 i 4500001001000000003000900010005001700019007000300036008004100039020001800080040003000098041000700128082002600135100005400161245011700215250002200332264008100354300002700435336002700462337003300489338002800522590002600550600004400576710006500620910000700685942001300692952016600705999001700871000048191DO-SdBNP20250919112547.0ta110414s2016 dr 000 0 spa d a9789945900958 aDO-SdBNPbspacBNPHUerda asp axxxxbP438r, 20172221 aPérez Saviñón, José Joaquínerda95502210aResumen de la verdadera historia del general Juan Pablo Duarte y Díez /cJosé Joaquín Pérez Saviñón. aSegunda edición aSanto Domingo :bTribunal Constitucional de la República Dominicana,c2017 a36 páginas ;c14 cm. ardacontentbtexto2txt ardamediabsin mediación2n ardacarrierbvolumen2nc aInventariado, 2025/DG10aDuarte, Juan Pablo, d1813-1876914941 aRepública Dominicana.bCorte de Constitucionalidad 971191 aDG 2ddccLF2 00102ddc51708PD-FaBNPHUbBNPHUcCTd2025-08-20edonaciónl0oBNPHU PD P438r, 2017p2025-8606r2025-08-20w2025-08-20yLF2zDonado por Loren Jesús Garcia c59799d59799